[Event "IECG TE.2002.P.01112 email"]
[Site "IECG email"]
[Date "2002.12.30"]
[Round "?"]
[White "Ling, Anthony J"]
[Black "Rovira, Joaquin"]
[Result "1-0"]
[WhiteElo "1740"]
[BlackElo "800"]
[PlyCount "23"]
[EventDate "2002.12.30"]
[EventType "tourn (corr)"]
[EventRounds "12"]
[SourceTitle "Corr 2008"]
[Source "ChessBase"]
[SourceDate "2008.06.24"]
[SourceVersion "1"]
[SourceVersionDate "2008.06.24"]
[SourceQuality "1"]

1. d4 Nf6 2. c4 c5 3. d5 e6 4. Nc3 exd5 5. cxd5 d6 6. e4 Be7 7. Nf3 0-0 8. Bd3 Nbd7 9. 0-0 Re8 10. Qc2 a6 11. a4 Ne5 12. Nxe5 1-0

[Event "IECG TE.2002.P.01112 email"]
[Site "IECG email"]
[Date "2002.12.30"]
[Round "?"]
[White "Nava Baro, Enrique"]
[Black "Rovira, Joaquin"]
[Result "1-0"]
[WhiteElo "2187"]
[BlackElo "800"]
[PlyCount "25"]
[EventDate "2002.12.30"]
[EventType "tourn (corr)"]
[EventRounds "12"]
[SourceTitle "Corr 2008"]
[Source "ChessBase"]
[SourceDate "2008.06.24"]
[SourceVersion "1"]
[SourceVersionDate "2008.06.24"]
[SourceQuality "1"]

1. d4 Nf6 2. c4 c5 3. d5 e6 4. Nc3 exd5 5. cxd5 d6 6. e4 Be7 7. Nf3 0-0 8. h3 Nbd7 9. Bd3 Re8 10. 0-0 a6 11. a4 Ne5 12. Nxe5 dxe5 13. a5 1-0

[Event "IECG TE.2002.P.01112 email"]
[Site "IECG email"]
[Date "2002.12.30"]
[Round "?"]
[White "Rovira, Joaquin"]
[Black "Ling, Anthony J"]
[Result "0-1"]
[WhiteElo "800"]
[BlackElo "1740"]
[PlyCount "24"]
[EventDate "2002.12.30"]
[EventType "tourn (corr)"]
[EventRounds "12"]
[SourceTitle "Corr 2008"]
[Source "ChessBase"]
[SourceDate "2008.06.24"]
[SourceVersion "1"]
[SourceVersionDate "2008.06.24"]
[SourceQuality "1"]

1. d4 Nf6 2. c4 c5 3. d5 e6 4. Nc3 exd5 5. cxd5 d6 6. e4 g6 7. f4 Bg7 8. Nf3 0-0 9. Bc4 Re8 10. 0-0 Nxe4 11. Nxe4 Rxe4 12. Bd3 Re7 0-1

[Event "IECG CP.2002.P.00045 email"]
[Site "IECG email"]
[Date "2002.10.01"]
[Round "?"]
[White "Lind, Anders"]
[Black "Rovira, Joaquin"]
[Result "1-0"]
[WhiteElo "1159"]
[BlackElo "800"]
[PlyCount "47"]
[EventDate "2002.10.01"]
[EventType "tourn (corr)"]
[EventRounds "6"]
[EventCountry "ENG"]
[SourceTitle "Corr 2008"]
[Source "ChessBase"]
[SourceDate "2008.06.24"]
[SourceVersion "1"]
[SourceVersionDate "2008.06.24"]
[SourceQuality "1"]

1. e4 e5 2. Nf3 Nc6 3. Bb5 a6 4. Ba4 Nf6 5. 0-0 Be7 6. Re1 b5 7. Bb3 0-0 8. c3 d5 9. exd5 Nxd5 10. Nxe5 Nxe5 11. Rxe5 c6 12. d4 Bd6 13. Re2 Qh4 14. g3 Qh3 15. Nd2 Bf5 16. Bc2 Bxc2 17. Qxc2 Rae8 18. Ne4 Qh5 19. c4 Nb4 20. Qd2 Qf3 21. Re3 Bf4 22. Rxf3 Bxd2 23. Nxd2 Re1+ 24. Kg2 1-0

[Event "IECG CP.2002.P.00045 email"]
[Site "IECG email"]
[Date "2002.10.01"]
[Round "?"]
[White "Rovira, Joaquin"]
[Black "Vyt, Johan"]
[Result "0-1"]
[WhiteElo "800"]
[BlackElo "1719"]
[PlyCount "44"]
[EventDate "2002.10.01"]
[EventType "tourn (corr)"]
[EventRounds "6"]
[EventCountry "ENG"]
[SourceTitle "Corr 2008"]
[Source "ChessBase"]
[SourceDate "2008.06.24"]
[SourceVersion "1"]
[SourceVersionDate "2008.06.24"]
[SourceQuality "1"]

1. d4 Nf6 2. c4 e6 3. Nc3 Bb4 4. e3 0-0 5. Nge2 d5 6. a3 Be7 7. Nf4 c6 8. Bd3 dxc4 9. Bxc4 Nbd7 10. Bxe6 fxe6 11. Nxe6 Qe8 12. Nxf8 Nxf8 13. 0-0 Qf7 14. b4 Be6 15. Bb2 a5 16. bxa5 Rxa5 17. Qd2 Bc4 18. Rfe1 Rh5 19. e4 Ng4 20. h3 Bg5 21. Qc2 Qf4 22. g3 Qf3 0-1

[Event "IECG CN.2002.0.00300 email"]
[Site "IECG email"]
[Date "2002.07.08"]
[Round "?"]
[White "Rovira, Joaquin"]
[Black "Krahl, Wolfgang"]
[Result "1-0"]
[WhiteElo "800"]
[BlackElo "637"]
[PlyCount "59"]
[EventDate "2002.07.08"]
[EventType "tourn (corr)"]
[EventRounds "5"]
[SourceTitle "Corr 2008"]
[Source "ChessBase"]
[SourceDate "2008.06.24"]
[SourceVersion "1"]
[SourceVersionDate "2008.06.24"]
[SourceQuality "1"]

1. e4 c5 2. Nf3 Nc6 3. d4 d6 4. Nc3 Bg4 5. d5 Nb4 6. Bb5+ Bd7 7. Bxd7+ Qxd7 8. 0-0 g6 9. Ng5 h6 10. Nh3 Nf6 11. f3 e6 12. a3 Bg7 13. axb4 cxb4 14. Ne2 Qb5 15. Be3 0-0 16. dxe6 fxe6 17. Nhf4 g5 18. Nxe6 Rfe8 19. Nxg7 Kxg7 20. Nd4 Qd5 21. Nf5+ Qxf5 22. exf5 Rxe3 23. Qxd6 Rae8 24. Rxa7 Re1 25. Rxb7+ Kg8 26. Qxf6 R1e7 27. Rxe7 Rxe7 28. Qxe7 h5 29. f6 h4 30. Qg7# 1-0